Macroeconomic Consequences of Remittances /

Given the large size of aggregate remittance flows (billions of dollars annually), they should be expected to have significant macroeconomic effects on the economies that receive them. This paper directly addresses the two main issues of interest to policymakers with regard to remittances--how to ma...

Celý popis

Podrobná bibliografie
Hlavní autor: Fullenkamp, Connel
Další autoři: Chami, Ralph, Cosimano, Thomas, Gapen, Michael
Médium: Časopis
Jazyk:English
Vydáno: Washington, D.C. : International Monetary Fund, 2008.
Edice:Occasional Papers; Occasional Paper ; No. 2008/001
On-line přístup:Full text available on IMF
LEADER 02625cas a2200277 a 4500
001 AALejournalIMF015668
008 230101c9999 xx r poo 0 0eng d
020 |c 15.00 USD 
020 |z 9781589067011 
022 |a 0251-6365 
040 |a BD-DhAAL  |c BD-DhAAL 
100 1 |a Fullenkamp, Connel. 
245 1 0 |a Macroeconomic Consequences of Remittances /  |c Connel Fullenkamp, Thomas Cosimano, Michael Gapen, Ralph Chami. 
264 1 |a Washington, D.C. :  |b International Monetary Fund,  |c 2008. 
300 |a 1 online resource (92 pages) 
490 1 |a Occasional Papers 
500 |a <strong>Off-Campus Access:</strong> No User ID or Password Required 
500 |a <strong>On-Campus Access:</strong> No User ID or Password Required 
506 |a Electronic access restricted to authorized BRAC University faculty, staff and students 
520 3 |a Given the large size of aggregate remittance flows (billions of dollars annually), they should be expected to have significant macroeconomic effects on the economies that receive them. This paper directly addresses the two main issues of interest to policymakers with regard to remittances--how to manage their macroeconomic effects, and how to harness their development potential--by reporting the results of the first global study of the comprehensive macroeconomic effects of remittances on recipient economies. In broad terms, the findings of this paper tend to confirm the main benefit cited in the microeconomic literature: remittances improve households' welfare by lifting families out of poverty and insuring them against income shocks. The findings also yield a number of important caveats and policy considerations, however, that have largely been overlooked. The main challenge for policymakers in countries that receive significant flows of remittances is to design policies that promote remittances and increase their benefits while mitigating adverse side effects. Getting these policy prescriptions correct early on is imperative. Globalization and the aging of developed economy populations will ensure that demand for migrant workers remains robust for years to come. Hence, the volume of remittances likely will continue to grow, and with it, the challenge of unlocking the maximum societal benefit from these transfers. 
538 |a Mode of access: Internet 
700 1 |a Chami, Ralph. 
700 1 |a Cosimano, Thomas. 
700 1 |a Gapen, Michael. 
830 0 |a Occasional Papers; Occasional Paper ;  |v No. 2008/001 
856 4 0 |z Full text available on IMF  |u http://elibrary.imf.org/view/books/084/04374-9781589067011-en/04374-9781589067011-en-book.xml  |z IMF e-Library